Pays en G en 1 minute - Statistiques

Statistiques générales
  • Ce quiz a été pris 282 fois
  • Le résultat moyen est 7 sur 11
Statistiques - réponses
Pays en "G" % Correct
Géorgie
82%
Gabon
80%
Guinée
80%
Guatemala
73%
Guinée-Bissau
72%
Guinée Equatoriale
72%
Gambie
64%
Ghana
64%
Grèce
57%
Guyana
49%
Grenade
42%
Aucun quiz correspondant
Distribution des résultats
% des personnes avec chaque résultat
Percentile par nombre de réponses
Votre historique - résultats
Vous n’avez pas pris ce quiz